Transmission and distribution electrical engineering /

Most books on transmission and distribution electrical engineering are student texts that focus on theory, brief overviews, or specialised monographs. Colin Bayliss and Brian Hardy have produced a unique and comprehensive handbook aimed squarely at practising engineers and planners involved in all a...

Full description

Bibliographic Details
Main Author: Bayliss, C. R. (Colin R.)
Corporate Author: ScienceDirect (Online service)
Other Authors: Hardy, B. J. (Brian J.)
Format: eBook
Language:English
Published: Oxford ; Burlington, MA : Newnes, 2007.
Edition:3rd ed.
Subjects:
Online Access:Connect to the full text of this electronic book

MARC

Tag First Indicator Second Indicator Subfields
LEADER 00000cam a2200000Ia 4500
001 in00002425521
006 m d
007 cr cn|
008 070802s2007 enka ob 001 0 eng d
005 20260609193325.3
020 |a 9780750666732 
020 |a 0750666730 
029 1 |a NZ1  |b 11778194 
035 |a (OCoLC)162130298 
037 |a 112285:112373  |b Elsevier Science & Technology  |n http://www.sciencedirect.com 
040 |a OPELS  |c OPELS  |d OCLCG  |d UtOrBLW 
049 |a TXAM 
050 1 4 |a TK3144  |b .B35 2007eb 
082 0 4 |a 621.319  |2 22 
100 1 |a Bayliss, C. R.  |q (Colin R.) 
245 1 0 |a Transmission and distribution electrical engineering /  |c C.R. Bayliss and B.J. Hardy. 
250 |a 3rd ed. 
264 1 |a Oxford ;  |a Burlington, MA :  |b Newnes,  |c 2007. 
300 |a 1 online resource. 
336 |a text  |b txt  |2 rdacontent 
337 |a computer  |b c  |2 rdamedia 
338 |a online resource  |b cr  |2 rdacarrier 
520 |a Most books on transmission and distribution electrical engineering are student texts that focus on theory, brief overviews, or specialised monographs. Colin Bayliss and Brian Hardy have produced a unique and comprehensive handbook aimed squarely at practising engineers and planners involved in all aspects of getting electricity from the power plant to the user via the power grid. The scope of this book embraces power systems, substations, cabling, switchgear, power systems protection, overhead lines, project management, planning, regulations, and more... The third edition has been fully updated throughout in line with current IEC and European standards, an approach which has resulted in a thoroughly rewritten chapter on earthing and bonding and significant revisions to the chapters on EMC, insulation coordination and overhead line design. There is increased emphasis on reliability concepts and greatly expanded treatment of the subject of power quality.. The resulting book is an essential guide and a hard-working reference for all engineers, technicians, managers and planners involved in the electricity supply industry, and related areas such as generation, and industrial electricity usage. 1.A reference handbook written by engineers for engineers 2.Unrivalled in its scope, covering systems, substations, cabling, switchgear, power systems protection, overhead lines, project management, planning, regulations, and more... 3.The third edition includes expanded sections on power quality, a thoroughly updated section on earthing and bonding, and coverage of the integration embedded generation and renewables in modern power systems. 
505 0 |a System Studies -- Drawings and Diagrams -- Substation Layouts -- Substation Auxiliary Power Supplies -- Current and Voltage Transformers -- Insulators -- Substation Building Services -- Earthing and Bonding -- Insulation Co-ordination -- Relay Protection -- Fuses and Miniature Circuit Breakers -- Cables -- Switchgear -- Power Transformers -- Substation and Overhead Line Foundations -- Overhead Line Routing -- Structures, Towers and Poles -- Overhead Line Conductor and Technical Specifications -- Testing and Commissioning -- Electromagnetic Compatibility -- System Control and Data Acquisition -- Project Management -- Distribution Planning -- Power Quality: Harmonics -- Power Quality: Voltage Disturbances -- Fundamentals. 
500 |a Previous edition: / C.R. Bayliss. 1999. 
504 |a Includes bibliographical references and index. 
500 |a Electronic resource. 
650 0 |a Electric power distribution  |x High tension. 
650 0 |a Electric power transmission. 
650 0 |a Electric power distribution. 
655 7 |a Electronic books.  |2 local 
700 1 |a Hardy, B. J.  |q (Brian J.) 
776 1 |c Original  |z 9780750666732  |z 0750666730  |w (OCoLC)69732684 
710 2 |a ScienceDirect (Online service) 
856 4 0 |u http://proxy.library.tamu.edu/login?url=https://www.sciencedirect.com/science/book/9780750666732  |z Connect to the full text of this electronic book  |t 0 
994 |a 92  |b TXA 
999 |a MARS 
999 f f |s beadece8-41c4-3f48-9861-c4c7fbd42f5f  |i 0cbadf08-00dc-3ced-9027-fe697956d6c6  |t 0 
952 f f |a Texas A&M University  |b College Station  |c Electronic Resources  |s www_evans  |d Available Online  |t 0  |e TK3144 .B35 2007eb  |h Library of Congress classification 
998 f f |a TK3144 .B35 2007eb  |t 0  |l Available Online